| 000 | 00672nam a2200217 4500 | ||
|---|---|---|---|
| 999 |
_c13541 _d13541 |
||
| 003 | MIRAKIL | ||
| 005 | 20211214000616.0 | ||
| 008 | 191016b tu ||||| |||| 00| 0 tur d | ||
| 020 | _a9755760474 | ||
| 040 |
_aTR-AnCHP _cTR-AnCHP |
||
| 041 | _atur | ||
| 082 |
_a324.256107 _bS26t 2001 |
||
| 100 | _aSargın, Nihat | ||
| 245 | 1 | 0 |
_aTip'li Yıllar (1961-1971) : _bAnılar-belgeler / _cNihat Sargın. |
| 260 |
_aAnkara : _bFelis Yayınevi, _c2001. |
||
| 300 |
_a2 c.: _c21 sm. |
||
| 490 | 0 |
_aFelis; _aAnı/ Tarih; _v1. _v1. |
|
| 650 | 0 |
_aSiyaset ve yönetim _xTürkiye _99 |
|
| 650 | 0 |
_9804 _aSiyasi partiler _xTürkiye İşçi Partisi (TİP) _zTürkiye |
|
| 942 |
_2ddc _cBKS |
||